[Event "German Bundesliga 2021-22"]
[Site "Germany"]
[Date "2022.04.30"]
[Round "5.2"]
[White "Van Foreest, Jorden"]
[Black "Bjerre, Jonas Buhl"]
[Result "1-0"]
[WhiteElo "2702"]
[BlackElo "2586"]
[Annotator "TA"]
[PlyCount "105"]
[EventDate "2022.03.05"]
[EventType "team-tourn"]
[EventCountry "GER"]
[SourceTitle "playchess.com"]
[Source "ChessBase"]
[SourceQuality "1"]
[TimeControl "40/5400+30:1800+30"]

{[%evp 9,105,12,15,2,18,18,16,11,11,29,18,-9,-22,-19,-22,-16,-12,0,0,0,0,-36,28,24,27,31,23,32,28,35,38,37,33,29,41,38,30,23,20,21,40,39,64,77,79,56,50,54,56,38,47,35,31,0,177,166,201,208,178,207,201,192,204,207,193,196,201,192,196,172,161,160,175,183,192,192,192,192,194,191,210,194,407,415,418,412,552,338,388,261,273,269,302,300,600,600,524,497]} 1. e4 {[%emt 0:00:00]} e5 {[%emt 0:00:00]} 2. Nf3 {[%emt 0:00:00]} Nf6 {[%emt 0:00:00]} 3. Nxe5 {[%emt 0:00:00][%cal Bf3e5,Be5d3,Bd3f4,Bf4d5][%mdl 32]} d6 {[%emt 0:00:00]} 4. Nd3 {[%emt 0:00:00]} Nxe4 {[%emt 0:00:00]} 5. Qe2 {[%emt 0:00:00]} Qe7 {[%emt 0:00:00]} 6. Nf4 {[%emt 0:00:00] And now Nd5 would win. C42: Petroff Defence: 3 Nxe5 and unusual White 3rd moves.} Nc6 {[%emt 0:00:00][%cal Bb8c6,Bc6d4,Bd4e2][%mdl 32] Threatens to win with ...Nd4.} 7. Nd5 {[%emt 0:00:00]} Nd4 {[%emt 0:00:38][%csl LRc2,LRe2]} 8. Nxe7 {[%emt 0:00:00] The position is equal.} Nxe2 {[%emt 0:00:12]} 9. Nd5 {[%emt 0:00:00]} Nd4 {[%emt 0:01:53] [#]} 10. d3 $5 $146 {[%emt 0:00:00][%mdl 8] New and interesting.} ({Predecessor:} 10. Na3 Ne6 11. f3 N4c5 12. d4 Nd7 13. c3 c6 14. Nf4 Nb6 15. Nc4 Nxc4 16. Bxc4 {½-½ (28) Ibarra Jerez,J (2558)-Deac,B (2639) Chess.com INT 2021}) 10... Nxc2+ {[%emt 0:04:19]} 11. Kd1 {[%emt 0:00:00]} Nxa1 {[%emt 0:01:20]} 12. dxe4 {[%emt 0:00:00]} Kd8 {[%emt 0:00:42]} 13. Bg5+ {[%emt 0:00:00]} f6 {[%emt 0:03:49]} 14. Be3 {[%emt 0:00:00]} c6 {[%emt 0:07:59]} 15. Nf4 {[%emt 0:00:00]} f5 {[%emt 0:15:16]} (15... g5 $15 16. Ne2 Be6) 16. exf5 $1 $11 {[%emt 0:19:53]} Bxf5 {[%emt 0:01:48]} 17. Bd3 {[%emt 0:00:24]} Bxd3 {[%emt 0:03:04]} 18. Nxd3 {[%emt 0:00:14]} a5 {[%emt 0:03:54][%cal Ba7a5,Ba5a4][%mdl 32]} 19. Kd2 {[%emt 0:04:41]} a4 {[%emt 0:02:18]} 20. Nc3 {[%emt 0:02:56]} Nb3+ {[%emt 0:02:12]} 21. axb3 {[%emt 0:00:07]} axb3 {[%emt 0:00:07]} 22. Nc1 {[%emt 0:00:40]} Ra1 {[%emt 0:03:45]} 23. Nd1 {[%emt 0:00:29][%mdl 1024] White has compensation.} Be7 {[%emt 0:07:20]} 24. Nxb3 {[%emt 0:00:39]} Ra4 {[%emt 0:06:34]} 25. Nc3 {[%emt 0:02:58]} Rb4 {[%emt 0:01:01]} 26. Kc2 {[%emt 0:00:17]} Bf6 {[%emt 0:02:59]} 27. Rd1 {[%emt 0:07:01]} d5 {[%emt 0:02:04]} 28. Bc5 {[%emt 0:01:47]} Rh4 {[%emt 0:03:48]} 29. Bd6 {[%emt 0:00:33]} Kd7 {[%emt 0:01:36]} 30. Bg3 $36 {[%emt 0:03:31][%mdl 2048] White is pushing.} Rc4 {[%emt 0:00:54] Inhibits Nc5+.} 31. Ra1 {[%emt 0:00:15] Ra7 is the strong threat.} b6 $2 {[%emt 0:10:08] White now steadily converts the win.} (31... Re8 $11) 32. Nd2 {[%emt 0:06:08]} Rb4 {[%emt 0:03:00]} 33. Ra7+ {[%emt 0:03:45]} Ke6 {[%emt 0:00:05]} 34. Rc7 {[%emt 0:00:10]} c5 {[%emt 0:01:03]} 35. Rc6+ $1 {[%emt 0:00:09]} Kf7 {[%emt 0:01:11]} 36. Nxd5 {[%emt 0:02:05]} Rxb2+ {[%emt 0:00:30]} 37. Kc1 $1 {[%emt 0:00:06]} Rd8 {[%emt 0:03:36] [#]} 38. Nc4 $1 {[%emt 0:02:45] Really sharp! Pair of Knights!} Rb3 {[%emt 0:02:47]} 39. Ncxb6 {[%emt 0:04:13]} ({Resist} 39. Ndxb6 $6 Rc3+ 40. Kb2 Bd4 $16) 39... Bd4 {[%emt 0:01:48]} 40. Rc7+ {[%emt 0:01:34]} Kg8 {[%emt 0:03:35] [#]} 41. Ne7+ $1 {[%emt 0:40:16]} Kf8 {[%emt 0:00:00] [#]} 42. Nc6 $1 {[%emt 0:00:00]} Re8 {[%emt 0:00:00]} 43. Nd5 {[%emt 0:00:00]} Re1+ {[%emt 0:05:40]} 44. Kd2 {[%emt 0:00:00]} Rbb1 {[%emt 0:00:21]} 45. Ne3 {[%emt 0:00:00] Against Rbd1+} Bf6 $2 {[%emt 0:04:22]} (45... Bxe3+ 46. fxe3 Rg1 47. Rc8+ Kf7) 46. Bd6+ $18 {[%emt 0:00:00]} Ke8 {[%emt 0:02:21]} 47. Ne5 {[%emt 0:00:00]} Kd8 {[%emt 0:01:16] Inhibits Rc8+.} 48. Nd3 {[%emt 0:00:00]} Rg1 {[%emt 0:01:11]} 49. Rxc5 {[%emt 0:00:00]} Bd4 {[%emt 0:00:30]} 50. Rc7 {[%emt 0:00:00] Strongly threatening Nf5.} Bxe3+ {[%emt 0:03:59]} 51. Kxe3 {[%emt 0:00:00]} Rxg2 {[%emt 0:01:18]} (51... Rb6 52. Bg3 (52. Rxg7 Rxd6 53. Rxh7 Rxg2 $11) 52... Re6+ 53. Kf3 Rf6+ 54. Ke3 Re6+ 55. Kd2 Re7) 52. Ne5 {[%emt 0:00:00] aiming for Nc6+.} Rd1 {[%emt 0:04:48] [#]} 53. Rb7 $1 {[%emt 0:00:00] Weighted Error Value: White=0.10 (very precise) /Black=0.34} 1-0

[Event "German Bundesliga 2021-22"]
[Site "Germany"]
[Date "2022.04.30"]
[Round "5.2"]
[White "Kasimdzhanov, Rustam"]
[Black "Piorun, Kacper"]
[Result "1-0"]
[WhiteElo "2659"]
[BlackElo "2641"]
[Annotator "TA"]
[PlyCount "75"]
[EventDate "2022.03.05"]
[EventType "team-tourn"]
[EventCountry "GER"]
[SourceTitle "playchess.com"]
[Source "ChessBase"]
[SourceQuality "1"]
[TimeControl "40/5400+30:1800+30"]

{[%evp 12,75,13,20,30,21,17,17,15,22,17,6,21,3,6,0,0,0,0,0,10,0,0,0,82,87,142,151,143,153,162,155,151,151,155,153,154,184,174,168,206,205,196,200,256,222,212,233,252,156,202,194,235,221,228,106,188,114,392,380,407,401,789,783,702,684]} 1. d4 {[%emt 0:00:00]} Nf6 {[%emt 0:00:00]} 2. c4 {[%emt 0:00:00]} e6 {[%emt 0:00:00]} 3. Nf3 {[%emt 0:00:00]} d5 {[%emt 0:00:00]} 4. Nc3 {[%emt 0:00:00]} Bb4 {[%emt 0:00:00]} 5. cxd5 {[%emt 0:00:00]} exd5 {[%emt 0:00:00]} 6. Bg5 {[%emt 0:00:00]} h6 {[%emt 0:00:00]} 7. Bh4 {[%emt 0:00:00]} Nbd7 {[%emt 0:05:00] 7...Bf5 is setting a new trend. D38: Queen's Gambit Declined: Ragozin Defence (4 Nf3 Bb4).} 8. e3 {[%emt 0:00:00]} g5 {[%emt 0:03:30]} 9. Bg3 {[%emt 0:00:00]} Ne4 {[%emt 0:00:30] The position is equal.} 10. Nd2 {[%emt 0:00:00]} Nxg3 {[%emt 0:03:30]} 11. hxg3 {[%emt 0:00:00]} c6 {[%emt 0:00:30]} 12. Qc2 {[%emt 0:06:30]} Nb6 {[%emt 0:06:30]} 13. Bd3 {[%emt 0:05:30]} Be6 {[%emt 0:07:30]} 14. a3 {[%emt 0:03:30]} Bd6 {[%emt 0:05:30]} 15. O-O-O {[%emt 0:01:30]} Qe7 {[%emt 0:02:30]} 16. e4 {[%emt 0:08:30]} dxe4 {[%emt 0:03:30]} 17. Bxe4 {[%emt 0:02:30] [#]} Nd5 $146 {[%emt 0:13:30]} (17... Bc7 $11 {keeps the balance.}) ({Predecessor:} 17... Bc7 18. Nb3 O-O-O 19. Bf5 Kb8 20. Rhe1 Bxb3 21. Rxe7 Bxc2 22. Kxc2 Rhf8 23. g4 Nd5 24. Nxd5 Rxd5 {½-½ (33) Akobian,V (2625)-Lenderman,A (2587) Saint Louis 2012}) 18. Rde1 $16 {[%emt 0:05:30]} Rc8 {[%emt 0:25:30]} (18... Kf8 $142) 19. Bf5 {[%emt 0:04:30]} Kd7 {[%emt 0:00:30][%cal Od6a3]} 20. Bxe6+ {[%emt 0:03:30]} fxe6 {[%emt 0:00:00] [#]} 21. Nce4 $1 {[%emt 0:00:30] Hoping for Nc4.} b6 {[%emt 0:02:00]} 22. Kb1 {[%emt 0:07:30]} Bb8 {[%emt 0:05:27]} 23. Rc1 {[%emt 0:03:30]} Qg7 {[%emt 0:01:36]} 24. Qa4 {[%emt 0:08:30]} Rhe8 {[%emt 0:04:46]} 25. Nf3 {[%emt 0:07:30] Pair of Knights!} g4 {[%emt 0:01:50]} 26. Ne5+ {[%emt 0:01:30]} Bxe5 {[%emt 0:00:05]} 27. dxe5 {[%emt 0:00:30] Strongly threatening Nf6+.} Qxe5 {[%emt 0:02:28]} 28. Qxa7+ {[%emt 0:00:30]} Rc7 {[%emt 0:00:09]} 29. Qa4 {[%emt 0:00:00]} h5 {[%emt 0:00:28]} 30. Ka1 {[%emt 0:03:00]} Rf8 {[%emt 0:02:18]} (30... Qh8 $16 {keeps fighting.} 31. Qd1 (31. Rhd1 Ra8 $16) 31... Ke7) 31. Rhe1 $18 {[%emt 0:01:30][%cal Oe4c5] Black must now prevent Nc5+!} Qg7 {[%emt 0:00:32]} 32. Re2 {[%emt 0:01:30]} ({But not} 32. Red1 $6 Qg6 33. Re1 (33. Qb4 c5 $14) 33... Qg7 $16) 32... Qg6 {[%emt 0:03:10]} 33. Nc3 {[%emt 0:06:30]} (33. Rce1 $18 {has better winning chances.}) 33... Rf5 {[%emt 0:02:09] [#]} (33... Nxc3 $16 {was worth a try.} 34. Rxc3 Rf5) 34. Rec2 {[%emt 0:01:30]} (34. Rd1 $1 $18) 34... Rf8 $2 {[%emt 0:01:42][%mdl 8192] [#] Loses the game.} (34... Nxc3 $16 35. Rxc3 b5) 35. Nb5 $1 {[%emt 0:04:40][%mdl 512]} cxb5 {[%emt 0:00:30]} (35... Qxc2 36. Rxc2) 36. Qxb5+ {[%emt 0:00:06]} Kc8 {[%emt 0:00:33]} (36... Ke7 $142 37. Rxc7+ Nxc7 38. Rxc7+ Kf6) 37. Qa6+ {[%emt 0:01:01]} Kd7 {[%emt 0:00:45]} 38. Qa4+ {[%emt 0:03:29] Weighted Error Value: White=0.13 (very precise) /Black=0.31} 1-0

[Event "German Bundesliga 2021-22"]
[Site "Germany"]
[Date "2022.04.30"]
[Round "5.2"]
[White "Banusz, Tamas"]
[Black "Areshchenko, Alexander"]
[Result "1/2-1/2"]
[WhiteElo "2598"]
[BlackElo "2670"]
[Annotator "TA"]
[PlyCount "81"]
[EventDate "2022.03.05"]
[EventType "team-tourn"]
[EventCountry "GER"]
[SourceTitle "playchess.com"]
[Source "ChessBase"]
[SourceQuality "1"]
[TimeControl "40/5400+30:1800+30"]

{[%evp 17,81,4,6,3,9,0,26,0,13,10,8,-1,0,0,0,0,0,0,0,-1,0,-20,0,0,0,0,0,0,0,0,63,50,74,53,82,67,133,129,167,175,200,150,228,228,228,234,241,8,8,8,8,0,45,81,83,0,0,0,14,24,108,104,120,0,0,0]} 1. Nf3 {[%emt 0:00:00]} c5 {[%emt 0:00:00]} 2. c4 {[%emt 0:00:00]} Nc6 {[%emt 0:00:00]} 3. d4 {[%emt 0:00:00]} cxd4 {[%emt 0:00:00]} 4. Nxd4 {[%emt 0:00:00]} Nf6 {[%emt 0:00:00]} 5. Nc3 {[%emt 0:00:00]} e6 {[%emt 0:00:00]} 6. e4 {[%emt 0:00:00]} Bb4 {[%emt 0:00:00]} 7. Nxc6 {[%emt 0:00:00]} bxc6 {[%emt 0:00:00]} 8. Bd3 {[%emt 0:00:00]} e5 {[%emt 0:00:00]} 9. O-O {[%emt 0:00:00]} O-O {[%emt 0:00:00]} 10. h3 $1 {[%emt 0:00:00][%mdl 4] outshines the older 10.Bg5. B44: Sicilian: Taimanov: 5 Nb5.} Bc5 {[%emt 0:03:31]} 11. Re1 {[%emt 0:00:00] [#]} Rb8 $146 {[%emt 0:04:27]} ({Predecessor:} 11... Re8 12. Be3 Bxe3 13. Rxe3 Rb8 14. Qd2 d6 15. Rd1 Be6 16. Be2 Qc8 17. b3 Rd8 {1-0 (49) Oparin,G (2652)-Cheparinov,I (2667) Tornelo INT 2021}) 12. Rb1 {[%emt 0:05:10] White has an edge.} d6 {[%emt 0:03:10]} 13. Be3 {[%emt 0:05:27]} Nd7 {[%emt 0:06:30][%cal Bf6d7,Bd7c5,Bc5e6][%mdl 32]} 14. Bf1 {[%emt 0:02:43]} Qc7 {[%emt 0:03:32]} 15. a3 {[%emt 0:18:45]} Bxe3 {[%emt 0:08:49]} 16. Rxe3 {[%emt 0:02:49]} Nc5 {[%emt 0:00:05] Prevents Rd3.} 17. b4 {[%emt 0:02:40]} Ne6 {[%emt 0:00:07]} 18. Qd2 {[%emt 0:04:52]} Rd8 {[%emt 0:14:41]} 19. Rd1 {[%emt 0:11:25]} Nd4 {[%emt 0:12:18]} 20. Rg3 {[%emt 0:07:35]} f6 {[%emt 0:04:40]} 21. Ne2 {[%emt 0:01:48]} c5 {[%emt 0:01:06]} 22. Nxd4 {[%emt 0:06:44]} cxd4 {[%emt 0:01:29]} 23. f4 {[%emt 0:00:16]} Qf7 {[%emt 0:13:09]} ({Black should play} 23... Qe7 $11) 24. fxe5 {[%emt 0:06:04]} fxe5 {[%emt 0:00:29]} 25. Rc1 {[%emt 0:06:25]} (25. Qg5 {feels hotter.} Re8 26. Rc1 Qe7 27. c5) 25... Bb7 {[%emt 0:06:30]} 26. Bd3 $1 {[%emt 0:00:46]} Kh8 {[%emt 0:04:13]} (26... Re8 $14) 27. Rf1 {[%emt 0:03:59]} Qg8 {[%emt 0:03:07]} 28. Rgf3 {[%emt 0:02:17]} Bc8 {[%emt 0:03:56]} 29. Rf7 {[%emt 0:02:28]} Be6 {[%emt 0:02:55]} (29... Ra8 $16 {is a better defense.}) 30. Rxa7 $18 {[%emt 0:02:03]} Ra8 {[%emt 0:00:23]} 31. Rxa8 {[%emt 0:01:18]} Rxa8 {[%emt 0:00:04]} 32. Rc1 $2 {[%emt 0:03:33]} (32. b5 $18) 32... Rxa3 $11 {[%emt 0:00:27]} 33. c5 {[%emt 0:00:04]} dxc5 {[%emt 0:01:26]} 34. bxc5 {[%emt 0:00:23]} Qc8 {[%emt 0:03:45]} 35. c6 {[%emt 0:00:42] aiming for c7.} Qc7 {[%emt 0:00:45] [#]} 36. Bf1 {[%emt 0:02:04]} (36. Qb4 $1 $16 {[%cal Rb4f8] White threatens Qf8+ and mate.} Ra8 37. Qc5) 36... h6 {[%emt 0:01:53]} 37. Qb4 {[%emt 0:00:55]} Ra7 {[%emt 0:00:50]} 38. Qc5 {[%emt 0:02:29]} Ra5 {[%emt 0:00:15]} (38... Kg8 $11) 39. Qf8+ $16 {[%emt 0:00:40]} Kh7 {[%emt 0:00:03]} 40. Qb4 {[%emt 0:03:01] White is more active.} ({White should try} 40. Kh2 $16) 40... Ra7 {[%emt 0:01:10]} 41. Qb5 {[%emt 0:00:00] Black defended with fortune.  Weighted Error Value: White=0.26 (precise) /Black=0.21 (precise)} 1/2-1/2

[Event "German Bundesliga 2021-22"]
[Site "Germany"]
[Date "2022.04.30"]
[Round "5.2"]
[White "Alonso Rosell, Alvar"]
[Black "Nestorovic, Nikola"]
[Result "1-0"]
[WhiteElo "2570"]
[BlackElo "2456"]
[Annotator "TA"]
[PlyCount "109"]
[EventDate "2022.03.05"]
[EventType "team-tourn"]
[EventCountry "GER"]
[SourceTitle "playchess.com"]
[Source "ChessBase"]
[SourceQuality "1"]
[TimeControl "40/5400+30:1800+30"]

{[%evp 12,109,14,12,36,23,36,19,38,31,27,29,50,43,57,65,65,52,66,60,70,62,65,42,55,70,67,61,75,0,60,54,68,68,55,53,109,103,106,99,98,43,46,43,74,72,87,86,144,143,233,236,254,140,140,135,156,146,181,159,153,163,225,222,220,197,200,191,261,251,237,218,233,213,375,383,382,382,381,389,389,383,374,351,391,381,397,402,428,416,446,444,442,441,466,505,557,562,489,449]} 1. d4 {[%emt 0:00:00]} d5 {[%emt 0:00:00]} 2. c4 {[%emt 0:00:00]} c6 {[%emt 0:00:00]} 3. Nf3 {[%emt 0:00:00]} Nf6 {[%emt 0:00:00]} 4. e3 {[%emt 0:00:00]} Bf5 {[%emt 0:00:00]} 5. Nc3 {[%emt 0:00:00]} e6 {[%emt 0:00:00]} 6. Be2 {[%emt 0:00:00]} Nbd7 {[%emt 0:00:00] 6...Nbd7 scores better than 6...h6.} 7. Nh4 {[%emt 0:00:18]} Be4 {[%emt 0:00:00] D12: Slav Defence: 3 Nf3 Nf6 4 e3 Bf5.} 8. f3 {[%emt 0:01:04]} Bg6 {[%emt 0:00:00]} 9. g3 {[%emt 0:01:38]} Be7 {[%emt 0:04:05] The position is equal.} 10. O-O {[%emt 0:01:50]} O-O {[%emt 0:04:45]} 11. cxd5 {[%emt 0:02:59] [#]} Nxd5 $146 {[%emt 0:12:41]} ({Predecessor:} 11... cxd5 12. Nxg6 hxg6 13. Qb3 Qb6 14. Qxb6 Nxb6 15. a4 a6 16. a5 Nbd7 17. Bd2 Rac8 {½-½ (47) Ilincic,Z (2436)-Jocev,M (2235) Belgrade 2017}) 12. Nxg6 {[%emt 0:05:58]} hxg6 {[%emt 0:00:07]} 13. e4 {[%emt 0:00:04]} N5b6 {[%emt 0:00:32]} 14. Be3 {[%emt 0:04:25]} e5 {[%emt 0:02:51]} 15. dxe5 {[%emt 0:02:36]} Nxe5 {[%emt 0:00:06]} 16. Qb3 {[%emt 0:01:19] Inhibits Nec4.} Ned7 {[%emt 0:05:10]} 17. Rfd1 {[%emt 0:02:48]} Qe8 {[%emt 0:00:56]} 18. Kg2 {[%emt 0:27:32]} Bc5 {[%emt 0:02:26]} 19. Bg5 {[%emt 0:00:36]} Be7 {[%emt 0:03:19]} 20. Be3 {[%emt 0:00:10] 0x0.0019b958da91dp-1022s more active pieces. The black rooks are badly placed.} Bc5 {[%emt 0:00:07]} 21. Bf4 {[%emt 0:00:03]} Qe7 {[%emt 0:09:44]} 22. h4 $1 {[%emt 0:00:44] Prevents g5.} a5 {[%emt 0:00:29]} 23. Bg5 {[%emt 0:11:19]} Qe8 {[%emt 0:00:32]} (23... Nf6 $1 $14) 24. Na4 $16 {[%emt 0:02:20]} Nxa4 {[%emt 0:05:57]} 25. Qxa4 {[%emt 0:00:08]} Nf6 {[%emt 0:01:13]} 26. Rd3 {[%emt 0:03:47]} (26. Qc2 $16 Qe7 27. Rac1) 26... Qe5 $14 {[%emt 0:05:41]} 27. Qc2 {[%emt 0:03:56]} ({Much weaker is} 27. Bxf6 gxf6 28. Qc2 Rfd8 $11) 27... b6 {[%emt 0:07:52]} 28. Bf4 {[%emt 0:01:50]} Qe6 {[%emt 0:05:23]} 29. Rad1 {[%emt 0:00:36]} Rfe8 {[%emt 0:12:32] [#]} (29... Qe7 $142) 30. Bd6 $1 $16 {[%emt 0:01:59]} Qxa2 {[%emt 0:01:04]} (30... Red8 $16 {was called for.}) 31. Bxc5 $18 {[%emt 0:06:26]} bxc5 {[%emt 0:00:03] [#]} 32. R3d2 {[%emt 0:00:31]} (32. Rb3 $1 $18 {And now Bc4 would win.} Qa4 33. Bc4) 32... Qe6 $16 {[%emt 0:06:01]} 33. Qxc5 {[%emt 0:00:25]} a4 {[%emt 0:00:47]} 34. Rd6 {[%emt 0:05:29]} Qa2 {[%emt 0:10:22]} 35. Qa3 $36 {[%emt 0:07:32][%mdl 2048] White is really pushing.} Qxa3 {[%emt 0:00:56]} 36. bxa3 {[%emt 0:00:01]} c5 {[%emt 0:01:56]} (36... Nd5 {was necessary.}) 37. Bc4 $18 {[%emt 0:02:53]} Rab8 {[%emt 0:00:23]} 38. R1d2 {[%emt 0:01:08]} Kf8 {[%emt 0:00:53]} 39. Ra6 {[%emt 0:01:43]} Red8 {[%emt 0:00:31]} (39... Re7 {might work better.} 40. Rxa4 Rc7) 40. Rxd8+ {[%emt 0:03:17]} Rxd8 {[%emt 0:00:04][%mdl 4096] Endgame KRB-KRN} 41. Kf2 {[%emt 0:00:00]} Nd7 {[%emt 0:00:04]} 42. Ke3 {[%emt 0:00:00]} f5 $2 {[%emt 0:14:46]} (42... Ne5) 43. Rd6 {[%emt 0:07:55]} fxe4 {[%emt 0:03:24]} 44. fxe4 {[%emt 0:00:08]} Ke7 {[%emt 0:00:09]} 45. Rxg6 {[%emt 0:00:10]} Kf8 {[%emt 0:00:44] Hoping for ...Ne5.} 46. Rd6 {[%emt 0:02:44]} Ke7 {[%emt 0:00:04]} 47. Ra6 {[%emt 0:06:23]} Kf8 {[%emt 0:00:01]} 48. Be2 {[%emt 0:02:56]} Rb8 {[%emt 0:03:26]} 49. Rxa4 {[%emt 0:00:05]} Rb3+ {[%emt 0:00:02]} 50. Kf4 {[%emt 0:00:08]} Nb6 {[%emt 0:00:03]} 51. Ra7 {[%emt 0:02:06] White is clearly winning.} Rb2 {[%emt 0:07:36]} 52. Bh5 {[%emt 0:04:02]} c4 {[%emt 0:01:00]} 53. Bg6 {[%emt 0:01:40]} Rf2+ {[%emt 0:01:13]} 54. Ke3 {[%emt 0:00:16]} Rf6 {[%emt 0:00:02]} 55. h5 {[%emt 0:00:10] Weighted Error Value: White=0.09 (flawless) /Black=0.19 (very precise)} 1-0

[Event "German Bundesliga 2021-22"]
[Site "Germany"]
[Date "2022.04.30"]
[Round "5.3"]
[White "Van Foreest, Lucas"]
[Black "Orlov, Andrey"]
[Result "1-0"]
[WhiteElo "2573"]
[BlackElo "2490"]
[Annotator "TA"]
[PlyCount "109"]
[EventDate "2022.03.05"]
[EventType "team-tourn"]
[EventCountry "GER"]
[SourceTitle "playchess.com"]
[Source "ChessBase"]
[SourceQuality "1"]
[TimeControl "40/5400+30:1800+30"]

{[%evp 20,109,0,0,40,33,22,23,23,27,25,36,36,8,7,0,18,18,24,25,32,30,25,25,22,0,0,0,0,0,3,0,0,0,0,0,0,0,0,0,19,14,86,16,14,10,43,13,21,21,21,29,35,35,35,35,35,36,51,51,64,64,72,73,267,266,239,238,308,308,297,296,264,255,917,887,854,775,4734,4888,2704,2420,4790,5788,29968,29969,29962,29960,12780,12701,29972,29973]} 1. d4 {[%emt 0:00:00]} d5 {[%emt 0:00:00]} 2. c4 {[%emt 0:00:00]} e6 {[%emt 0:00:00]} 3. Nf3 {[%emt 0:00:00]} Nf6 {[%emt 0:00:00]} 4. g3 {[%emt 0:00:00]} Bb4+ {[%emt 0:00:00]} 5. Bd2 {[%emt 0:00:00]} Be7 {[%emt 0:00:00]} 6. Bg2 {[%emt 0:00:00]} O-O {[%emt 0:00:00]} 7. O-O {[%emt 0:00:00]} Nbd7 {[%emt 0:03:21]} 8. Qc2 {[%emt 0:00:00]} c6 {[%emt 0:01:35]} 9. Bf4 {[%emt 0:00:00]} b6 {[%emt 0:05:09]} 10. Rd1 {[%emt 0:00:00]} Bb7 {[%emt 0:00:25]} 11. Ne5 {[%emt 0:00:00] The main line 11.Ne5 scores better than 11.Nc3.} Nxe5 {[%emt 0:08:45] E08: Closed Catalan: Main Line: 7 Qc2.} 12. dxe5 {[%emt 0:00:00]} Nd7 {[%emt 0:01:24]} 13. cxd5 {[%emt 0:01:05]} exd5 {[%emt 0:06:11] White has an edge.} 14. e4 {[%emt 0:00:45][%cal Re4d5]} d4 {[%emt 0:05:18]} 15. Rxd4 {[%emt 0:14:56]} Bc5 $1 {[%emt 0:00:38]} 16. Rd1 {[%emt 0:09:00] aiming for Qd2.} Qe7 {[%emt 0:02:23] [#]} 17. Qc3 $146 {[%emt 0:20:31]} ({Predecessor:} 17. Nc3 Nxe5 18. Qe2 Rad8 19. Rxd8 Rxd8 20. Rd1 Rxd1+ 21. Qxd1 g5 22. Bxe5 Qxe5 23. Qd7 {0-1 (50) Sethuraman,S (2631)-Ganguly,S (2642) Dubai 2018}) 17... Rfe8 {[%emt 0:10:26]} 18. Nd2 {[%emt 0:04:01]} Nxe5 {[%emt 0:19:26]} 19. Bxe5 {[%emt 0:02:16]} Qxe5 {[%emt 0:02:24]} 20. Qxe5 {[%emt 0:00:05]} Rxe5 {[%emt 0:00:09]} 21. Nb3 {[%emt 0:00:22]} Bf8 {[%emt 0:08:07]} 22. Rd7 {[%emt 0:05:03]} (22. f4 $5 {[%cal Rf4e5]} Ree8 23. Rd7 $11) 22... Bc8 {[%emt 0:08:02]} 23. Rd8 {[%emt 0:03:08]} Bb7 {[%emt 0:00:29]} 24. Rd7 {[%emt 0:07:37]} Bc8 {[%emt 0:00:15]} 25. Rd8 {[%emt 0:02:05]} Bb7 {[%emt 0:00:04]} 26. Rxa8 {[%emt 0:01:41]} Bxa8 {[%emt 0:00:04]} 27. f4 {[%emt 0:00:14]} Re8 {[%emt 0:13:28]} 28. e5 {[%emt 0:00:18]} f6 {[%emt 0:00:45]} 29. exf6 {[%emt 0:00:20]} gxf6 {[%emt 0:00:02]} 30. Rd1 {[%emt 0:00:26]} a5 {[%emt 0:00:38]} (30... c5 $11 {remains equal.}) 31. Bf3 {[%emt 0:03:25]} (31. Rd7 $16) 31... a4 {[%emt 0:04:05]} 32. Nd4 {[%emt 0:01:02]} Bc5 {[%emt 0:00:23] White must now prevent ...Rd8.} 33. Kg2 {[%emt 0:00:10]} Bxd4 {[%emt 0:00:39]} 34. Rxd4 $11 {[%emt 0:00:01][%mdl 4096] Endgame KRB-KRB} c5 {[%emt 0:00:07]} 35. Rd2 {[%emt 0:00:03]} c4 {[%emt 0:01:50]} 36. Bxa8 {[%emt 0:00:17]} Rxa8 $14 {[%emt 0:00:03] KR-KR} 37. Rd6 {[%emt 0:02:32][%csl LRb6,LRf6]} a3 {[%emt 0:01:44]} 38. Rxb6 {[%emt 0:00:04]} axb2 {[%emt 0:00:19]} 39. Rxb2 {[%emt 0:00:02]} Kf7 {[%emt 0:00:49]} 40. Kf3 {[%emt 0:00:48]} f5 {[%emt 0:00:27]} 41. Ke3 {[%emt 0:31:02]} Kg6 $2 {[%emt 0:00:00] A mistake that costs the game.} (41... h5 $16) 42. Kd4 $18 {[%emt 0:00:00]} Kh5 {[%emt 0:08:15] [#]} 43. h3 {[%emt 0:00:00]} (43. Kxc4 Kg4 44. Rf2 h5 $16) 43... Ra3 {[%emt 0:02:17]} 44. Rg2 {[%emt 0:00:00]} ({Much less strong is} 44. Kxc4 Ra8 45. Rb5 Rxa2 46. Rxf5+ Kg6 $18) 44... c3 {[%emt 0:01:16][%cal Oc3c2]} 45. Rc2 {[%emt 0:00:00]} Kg6 {[%emt 0:07:18]} 46. Kc4 {[%emt 0:00:00] And now Kb4 would win.} ({Don't do} 46. Rxc3 $6 Rxa2 47. Rc6+ Kg7 $16) 46... h5 $2 {[%emt 0:00:15]} (46... Ra8 47. Kb4 (47. Rxc3 Rxa2 48. Kd4 Rd2+ 49. Ke3 Rh2 $16) (47. Kxc3 Kf7 $18) 47... Rb8+ 48. Kxc3 Ra8) 47. Kb4 {[%emt 0:00:00]} Ra8 {[%emt 0:00:03]} 48. a4 {[%emt 0:00:00]} h4 {[%emt 0:00:36]} 49. Rxc3 {[%emt 0:00:00]} Rb8+ {[%emt 0:00:05] [#]} 50. Ka3 $1 {[%emt 0:00:00]} Ra8 {[%emt 0:00:03]} 51. gxh4 {[%emt 0:00:00]} Kh5 {[%emt 0:00:07]} 52. Kb4 {[%emt 0:00:00]} Rb8+ {[%emt 0:00:05]} 53. Kc4 {[%emt 0:00:00]} Rc8+ {[%emt 0:00:53]} 54. Kd4 {[%emt 0:00:00]} Ra8 {[%emt 0:00:13]} 55. Ra3 {[%emt 0:00:00] Weighted Error Value: White=0.06 (flawless) /Black=0.56} 1-0